La educación bibliotecológica en México a través de sus instituciones educativas /

Historia del desarrollo de la educación en bibliotecología a nivel superior en México, desde la creación de la Escuela Nacional de Biblioteconomía y Archivonomía en 1945 y del Colegio de Bibliotecología de la Universidad Nacional Autónoma de México en 1956. Se revisa la creación y los alcances de lo...

Ful tanımlama

Kaydedildi:
Detaylı Bibliyografya
Yazar: Escalona Ríos, Lina (autor)
Diğer Yazarlar: Martínez Arellano, Filiberto Felipe (presentación) (presentación)
Materyal Türü: Kitap
Dil:İspanyolca
Baskı/Yayın Bilgisi: México : UNAM : Colegio Nacional de Bibliotecarios, 2005, c2005
Seri Bilgileri:(Sistemas Bibliotecarios de Información y Sociedad)
Konular:
Etiketler: Etiketle
Etiket eklenmemiş, İlk siz ekleyin!

MARC

LEADER 00000nam^a2200000^a^4500
001 000184734
005 20250521000000.0
009 20260310102126.748
020 |a 970-32-2573-X 
037 |a Acervo ITESO - Biblioteca 
041 |a ESP 
082 |a 020. 71172  |b ESC 
100 |a Escalona Ríos, Lina  |e (autor) 
245 1 3 |a La educación bibliotecológica en México a través de sus instituciones educativas /  |c L. Escalona Ríos ; presen. de F.F. Martínez Arellano. 
264 4 |a México :  |b UNAM :  |b Colegio Nacional de Bibliotecarios,  |c 2005, c2005 
300 |a XI, 180 p. 
336 |a texto  |b txt  |2 rdacontenido 
337 |a sin mediación  |b n  |2 rdamedio 
338 |a volumen  |b nc  |2 rdasoporte 
440 1 |a (Sistemas Bibliotecarios de Información y Sociedad) 
520 |a Historia del desarrollo de la educación en bibliotecología a nivel superior en México, desde la creación de la Escuela Nacional de Biblioteconomía y Archivonomía en 1945 y del Colegio de Bibliotecología de la Universidad Nacional Autónoma de México en 1956. Se revisa la creación y los alcances de los programas ofrecidos por la Escuela Nacional de Biblioteconomía y Archivonomía; el Colegio de Bibliotecología de la UNAM; la Escuela de Bibliotecología e Información de la Universidad Autónoma de San Luis Potosí; la licenciatura en Ciencias de la Información Documental de la Universidad Autónoma del Estado de México; la Escuela de Biblioteconomía de la Universidad Autónoma de Chiapas. 
649 |a XX 
650 |a Currículo 
650 |a Universidades -  |z México 
650 |a Instituciones Educativas -  |z México 
650 |a Biblioteconomía -  |z México -  |x Historia -  |y Siglo XX 
650 |a Educación Superior -  |z México -  |x Historia -  |y Siglo XX 
700 |a Martínez Arellano, Filiberto Felipe  |e (presentación) 
910 |a Fondo General 
920 |a Impresos - Libros 
930 |a Obras de Referencia 
905 |a 102 
901 |a 0500125779  |b IT2  |c REF  |u 20250521 
902 |a https://opac.biblio.iteso.mx/vufind/Record/000184734